| 000 | 00598nam a2200217Ia 4500 | ||
|---|---|---|---|
| 005 | 20240415134005.0 | ||
| 008 | 131103s9999 xx 000 0 und d | ||
| 040 | _aLoreto College | ||
| 041 | _aEnglish | ||
| 082 |
_a516.3 _bCHA |
||
| 100 | _aChakravarty, N.K | ||
| 245 |
_aAnalytical Geometry _cN.K.Chakravarty |
||
| 250 | _aRev.2nd ed | ||
| 260 |
_aKolkata _bBookland Private _c1959 |
||
| 300 | _a324p | ||
| 504 | _a2nd rev.ed,Sep1959, published by Janakimth Basu, Bookland | ||
| 650 | _aGeometry | ||
| 651 | _aMathematics, Geometry, Analytical geometry | ||
| 850 | _aLCLIB | ||
| 942 | _cBK | ||
| 999 |
_c76 _d50555 |
||